La Grenade pour les touristes... - Statistiques

Statistiques générales
  • Ce quiz a été pris 4 fois
  • Le résultat moyen est 10 sur 20
Statistiques - réponses
Question Indice Réponses % Correct
Combien d'heures (environ) mettrez-vous pour vous y rendre ? (en chiffres) 10
100%
Dans la capitale quel est le décalage horaire avec Paris ? (+ ou - et chiffre) ex - 10 - 6
100%
Quelle est la langue officielle ? Anglais
100%
Autre langue parlée Français
100%
La conduite se fait à droite ou à gauche ? Gauche
100%
Avez-vous besoin d'un visa ? (oui/non) Non
100%
Le principal aéroport est S G Saint-Georges
100%
La vitesse est limitée hors des villes à {120} km/h
67%
Le suffixe internet est gd
67%
Achats à faire 3/ Fruit Grenade
67%
Quel est le climat local ? T Tropical
67%
La religion majoritaire est Catholicisme
33%
Achats à faire 2/ Se porte sur les épaules Châle
33%
Comment se nomme la principale compagnie aérienne locale B A British Airways
0%
Quelles sont les principaux lieux touristiques ? A Chutes {Annandale}
0%
Quelle est la monnaie ? Dollar de la caraibe orientale
0%
Quelles sont les principaux lieux touristiques ? S Ile {Sandy}
0%
Achats à faire 1/ Voile Mantille
0%
Quelles sont les principaux lieux touristiques ? G A Plage de {Grand Anse}
0%
Quelles sont les principaux lieux touristiques ? S-M Sculptures {sous-marines}
0%
Aucun quiz correspondant
Distribution des résultats
% des personnes avec chaque résultat
Percentile par nombre de réponses
Votre historique - résultats
Vous n’avez pas pris ce quiz